Electronic devices and circuit theory
Electronic Devices and Circuit Theory, Eleventh Edition, offers a complete, comprehensive survey, focusing on all the essentials you will need to succeed on the job. Setting the standard for nearly 30 years, this highly accurate text is supported by strong pedagogy and content that is ideal for new...
Enregistré dans:
| Auteur principal: | |
|---|---|
| Format: | Livre |
| Langue: | Undetermined |
| Publié: |
Upper Saddle River, N.J.
Pearson Prentice Hall
2013
|
| Sujets: | |
| Tags: |
Ajouter un tag
Pas de tags, Soyez le premier à ajouter un tag!
|
| Thư viện lưu trữ: | Trung tâm Học liệu Trường Đại học Cần Thơ |
|---|
| LEADER | 01334nam a2200229Ia 4500 | ||
|---|---|---|---|
| 001 | CTU_239349 | ||
| 008 | 210402s9999 xx 000 0 und d | ||
| 082 | |a 621.38 | ||
| 082 | |b B792 | ||
| 100 | |a Boylestad, Robert | ||
| 245 | 0 | |a Electronic devices and circuit theory | |
| 245 | 0 | |c Robert Boylestad, Louis Nashelsky | |
| 260 | |a Upper Saddle River, N.J. | ||
| 260 | |b Pearson Prentice Hall | ||
| 260 | |c 2013 | ||
| 520 | |a Electronic Devices and Circuit Theory, Eleventh Edition, offers a complete, comprehensive survey, focusing on all the essentials you will need to succeed on the job. Setting the standard for nearly 30 years, this highly accurate text is supported by strong pedagogy and content that is ideal for new students of this rapidly changing field. The colorful layout with ample photographs and examples helps you better understand important topics. This text is an excellent reference work for anyone involved with electronic devices and other circuitry applications, such as electrical and technical engineers. | ||
| 526 | |a Mạch điện tử | ||
| 526 | |b KC347 | ||
| 650 | |a Electronic circuits,Mạch điện,Máy móc và thiết bị điện tử,Electronic apparatus and appliances | ||
| 904 | |i Qhieu | ||
| 910 | |b dqhieu | ||
| 980 | |a Trung tâm Học liệu Trường Đại học Cần Thơ | ||